[Event "U12 Polish Youth Championship"]
[Site "chess24.com"]
[Date "2018.05.01"]
[Round "4"]
[White "Jarocki, Gabriel"]
[Black "Kozlowski, Michal"]
[Result "1/2-1/2"]
[Board "24"]
[WhiteElo "1427"]
[WhiteCountry "POL"]
[WhiteFideId "21852871"]
[WhiteEloChange "-3"]
[BlackElo "1327"]
[BlackCountry "POL"]
[BlackFideId "21812144"]
[BlackEloChange "3"]

1. d4 {[%clk 1:30:57]} d5 {[%clk 1:30:51]} 2. Nf3 {[%clk 1:30:39]} e6 {[%clk
1:30:09]} 3. e3 {[%clk 1:30:41]} Nf6 {[%clk 1:30:27]} 4. c4 {[%clk 1:30:12]} c6
{[%clk 1:29:42]} 5. Nc3 {[%clk 1:29:35]} Be7 {[%clk 1:28:52]} 6. Bd3 {[%clk
1:27:46]} Nbd7 {[%clk 1:27:32]} 7. Bd2 {[%clk 1:26:49]} dxc4 {[%clk 1:27:23]} 8.
Bxc4 {[%clk 1:26:53]} b5 {[%clk 1:27:47]} 9. Bd3 {[%clk 1:26:39]} a6 {[%clk
1:28:09]} 10. Bc2 {[%clk 1:26:48]} Bb7 {[%clk 1:27:14]} 11. O-O {[%clk 1:21:02]}
O-O {[%clk 1:23:36]} 12. e4 {[%clk 1:20:50]} c5 {[%clk 1:20:55]} 13. Be3 {[%clk
1:20:22]} cxd4 {[%clk 1:16:49]} 14. Qxd4 {[%clk 1:17:51]} Rc8 {[%clk 1:11:35]}
15. a3 {[%clk 1:09:07]} Nc5 {[%clk 1:09:25]} 16. Qxd8 {[%clk 1:08:53]} Rfxd8
{[%clk 1:09:48]} 17. Bxc5 {[%clk 1:09:00]} Bxc5 {[%clk 1:09:58]} 18. Rac1 {[%clk
1:04:04]} Bxa3 {[%clk 1:07:23]} 19. bxa3 {[%clk 1:03:58]} Rxc3 {[%clk 1:07:33]}
20. e5 {[%clk 1:04:18]} Ne4 {[%clk 1:07:42]} 21. Bxe4 {[%clk 1:03:23]} Rxc1
{[%clk 1:07:49]} 22. Bxb7 {[%clk 1:00:29]} Rxf1+ {[%clk 1:08:12]} 23. Kxf1 {[%clk
1:00:44]} a5 {[%clk 1:08:37]} 24. Ke2 {[%clk 1:00:13]} Kf8 {[%clk 1:05:51]} 25.
Bc6 {[%clk 0:59:54]} b4 {[%clk 1:05:59]} 26. axb4 {[%clk 0:59:25]} axb4 {[%clk
1:06:24]} 27. Nd2 {[%clk 0:59:37]} Rc8 {[%clk 1:06:02]} 28. Ba4 {[%clk 0:59:53]}
Ke7 {[%clk 1:05:24]} 29. Bb5 {[%clk 0:59:34]} Rc5 {[%clk 1:05:38]} 30. Bd3 {[%clk
0:58:59]} Rxe5+ {[%clk 1:05:59]} 31. Kd1 {[%clk 0:59:17]} h6 {[%clk 1:05:30]} 32.
Kc2 {[%clk 0:59:36]} Rd5 {[%clk 1:05:26]} 33. Be4 {[%clk 0:58:09]} Rd4 {[%clk
1:04:42]} 34. f3 {[%clk 0:55:56]} f5 {[%clk 1:03:31]} 35. Bd3 {[%clk 0:56:11]}
Rd5 {[%clk 1:01:34]} 36. Bc4 {[%clk 0:52:41]} Rd4 {[%clk 1:01:46]} 37. Bd3 {[%clk
0:52:29]} Rd5 {[%clk 1:01:46]} 1/2-1/2

[Event "U12 Polish Youth Championship"]
[Site "chess24.com"]
[Date "2018.05.01"]
[Round "4"]
[White "Owczarzak, Maciej"]
[Black "Doskocz, Karol"]
[Result "1/2-1/2"]
[Board "25"]
[WhiteElo "1402"]
[WhiteCountry "POL"]
[WhiteFideId "21861048"]
[WhiteEloChange "2"]
[BlackElo "1467"]
[BlackCountry "POL"]
[BlackFideId "21835802"]
[BlackEloChange "-2"]

1. e4 {[%clk 1:30:55]} c5 {[%clk 1:30:52]} 2. Nf3 {[%clk 1:31:21]} e6 {[%clk
1:31:16]} 3. d4 {[%clk 1:31:46]} cxd4 {[%clk 1:31:39]} 4. Nxd4 {[%clk 1:32:11]}
a6 {[%clk 1:32:02]} 5. c4 {[%clk 1:32:12]} Qc7 {[%clk 1:32:11]} 6. Nc3 {[%clk
1:31:42]} Nf6 {[%clk 1:32:27]} 7. a3 {[%clk 1:29:48]} Be7 {[%clk 1:29:51]} 8. Be3
{[%clk 1:29:19]} O-O {[%clk 1:26:52]} 9. Be2 {[%clk 1:27:23]} d6 {[%clk 1:24:57]}
10. O-O {[%clk 1:25:14]} Nbd7 {[%clk 1:23:53]} 11. Rc1 {[%clk 1:22:43]} b6 {[%clk
1:19:24]} 12. f3 {[%clk 1:16:19]} Bb7 {[%clk 1:17:59]} 13. Qe1 {[%clk 1:13:25]}
Rac8 {[%clk 1:13:39]} 14. Qf2 {[%clk 1:11:16]} Qb8 {[%clk 1:04:17]} 15. Nb3
{[%clk 1:03:32]} Bc6 {[%clk 1:03:34]} 16. Nd2 {[%clk 0:55:40]} Rfd8 {[%clk
0:59:47]} 17. Rfd1 {[%clk 0:53:13]} Kh8 {[%clk 0:57:02]} 18. b4 {[%clk 0:48:45]}
Rg8 {[%clk 0:47:21]} 19. Nb3 {[%clk 0:44:37]} Rgd8 {[%clk 0:41:49]} 20. Nd2
{[%clk 0:40:24]} Rg8 {[%clk 0:41:36]} 21. Nb3 {[%clk 0:34:38]} Rgd8 {[%clk
0:41:54]} 22. Rc2 {[%clk 0:34:54]} Rg8 {[%clk 0:30:01]} 23. Bf1 {[%clk 0:33:12]}
Rgd8 {[%clk 0:29:34]} 24. Rb1 {[%clk 0:30:36]} Rg8 {[%clk 0:25:49]} 25. Kh1
{[%clk 0:19:42]} Rgd8 {[%clk 0:23:51]} 26. Kg1 {[%clk 0:19:29]} Rg8 {[%clk
0:24:11]} 27. c5 {[%clk 0:19:49]} b5 {[%clk 0:21:37]} 28. Ne2 {[%clk 0:17:10]} d5
{[%clk 0:18:25]} 29. exd5 {[%clk 0:16:26]} Nxd5 {[%clk 0:18:35]} 30. Ned4 {[%clk
0:16:24]} Bd8 {[%clk 0:14:03]} 31. Nxc6 {[%clk 0:13:35]} Rxc6 {[%clk 0:14:08]}
32. Nd4 {[%clk 0:13:58]} Rc8 {[%clk 0:14:19]} 33. a4 {[%clk 0:11:17]} Nxe3 {[%clk
0:08:06]} 34. Qxe3 {[%clk 0:11:28]} Nf6 {[%clk 0:07:44]} 35. axb5 {[%clk
0:11:03]} axb5 {[%clk 0:07:01]} 36. Nxb5 {[%clk 0:09:29]} Nd5 {[%clk 0:07:12]}
37. Qa3 {[%clk 0:09:04]} Bc7 {[%clk 0:05:51]} 38. Nxc7 {[%clk 0:08:44]} Qxc7
{[%clk 0:06:14]} 39. Bc4 {[%clk 0:08:16]} Ra8 {[%clk 0:05:59]} 40. Qc1 {[%clk
0:08:04]} Ne7 {[%clk 0:04:15]} 41. Bd3 {[%clk 0:07:47]} Rgd8 {[%clk 0:03:55]} 42.
Be4 {[%clk 0:07:54]} Rab8 {[%clk 0:03:46]} 43. Rd2 {[%clk 0:06:23]} f5 {[%clk
0:03:30]} 44. Bc2 {[%clk 0:06:29]} Rxd2 {[%clk 0:03:17]} 45. Qxd2 {[%clk
0:06:52]} Rd8 {[%clk 0:03:44]} 46. Qe2 {[%clk 0:06:35]} Qc8 {[%clk 0:03:14]} 47.
Rd1 {[%clk 0:06:23]} Nd5 {[%clk 0:02:40]} 48. Qd2 {[%clk 0:06:02]} Rd7 {[%clk
0:02:25]} 49. Ba4 {[%clk 0:06:04]} Ra7 {[%clk 0:02:32]} 50. Bb3 {[%clk 0:06:07]}
Rd7 {[%clk 0:02:33]} 51. Bxd5 {[%clk 0:06:21]} Rxd5 {[%clk 0:02:53]} 52. Qc2
{[%clk 0:06:31]} Qd7 {[%clk 0:02:42]} 53. Rxd5 {[%clk 0:06:54]} Qxd5 {[%clk
0:03:08]} 54. c6 {[%clk 0:06:54]} Qd4+ {[%clk 0:03:18]} 55. Kf1 {[%clk 0:07:04]}
Qa1+ {[%clk 0:03:32]} 56. Kf2 {[%clk 0:06:24]} Qd4+ {[%clk 0:03:55]} 57. Ke1
{[%clk 0:04:15]} Qxb4+ {[%clk 0:02:15]} 58. Kf1 {[%clk 0:02:37]} Qb5+ {[%clk
0:02:20]} 59. Kg1 {[%clk 0:02:49]} Qb6+ {[%clk 0:02:31]} 60. Kh1 {[%clk 0:02:45]}
Qa6 {[%clk 0:02:19]} 61. h3 {[%clk 0:02:36]} Qa1+ {[%clk 0:02:17]} 62. Kh2 {[%clk
0:02:58]} Qe5+ {[%clk 0:02:18]} 63. g3 {[%clk 0:03:21]} Qc7 {[%clk 0:02:24]} 64.
Qd2 {[%clk 0:03:03]} h6 {[%clk 0:02:11]} 65. Qd7 {[%clk 0:03:13]} Qb8 {[%clk
0:02:31]} 66. Qb7 {[%clk 0:01:37]} Qd8 {[%clk 0:02:50]} 67. Qd7 {[%clk 0:01:53]}
Qb8 {[%clk 0:03:10]} 68. Qb7 {[%clk 0:01:26]} Qd8 {[%clk 0:03:35]} 69. Qa7 {[%clk
0:01:50]} Qd2+ {[%clk 0:03:38]} 70. Kh1 {[%clk 0:01:22]} Qc1+ {[%clk 0:03:39]}
1/2-1/2

[Event "U12 Polish Youth Championship"]
[Site "chess24.com"]
[Date "2018.05.01"]
[Round "4"]
[White "Wydmanski, Szymon"]
[Black "Dembicki, Karol"]
[Result "0-1"]
[Board "26"]
[WhiteElo "1361"]
[WhiteCountry "POL"]
[WhiteFideId "21866759"]
[WhiteEloChange "-10"]
[BlackElo "1370"]
[BlackCountry "POL"]
[BlackFideId "21809747"]
[BlackEloChange "10"]

1. e4 {[%clk 1:30:52]} c5 {[%clk 1:30:55]} 2. Nf3 {[%clk 1:31:05]} d6 {[%clk
1:31:08]} 3. d4 {[%clk 1:31:21]} cxd4 {[%clk 1:31:33]} 4. Nxd4 {[%clk 1:31:40]}
Nf6 {[%clk 1:31:58]} 5. Nc3 {[%clk 1:31:53]} e6 {[%clk 1:32:16]} 6. Bg5 {[%clk
1:30:36]} Nc6 {[%clk 1:32:10]} 7. f4 {[%clk 1:28:31]} Be7 {[%clk 1:31:22]} 8. Bb5
{[%clk 1:10:37]} Bd7 {[%clk 1:30:41]} 9. Bxc6 {[%clk 1:07:01]} bxc6 {[%clk
1:29:20]} 10. Qf3 {[%clk 1:06:45]} Qb6 {[%clk 1:28:52]} 11. Nb3 {[%clk 1:05:08]}
c5 {[%clk 1:24:49]} 12. e5 {[%clk 0:57:17]} Bc6 {[%clk 1:23:12]} 13. Qd3 {[%clk
0:55:58]} dxe5 {[%clk 1:20:49]} 14. fxe5 {[%clk 0:53:23]} Rd8 {[%clk 1:17:37]}
15. Qc4 {[%clk 0:47:15]} Nd7 {[%clk 1:14:14]} 16. Bxe7 {[%clk 0:38:56]} Kxe7
{[%clk 1:14:16]} 17. Qh4+ {[%clk 0:34:09]} Kf8 {[%clk 1:13:35]} 18. O-O-O {[%clk
0:33:42]} Rb8 {[%clk 1:09:26]} 19. Rhf1 {[%clk 0:26:49]} Kg8 {[%clk 0:44:46]} 20.
Qf4 {[%clk 0:19:53]} Rf8 {[%clk 0:44:05]} 21. Rd6 {[%clk 0:16:29]} Qa6 {[%clk
0:35:30]} 22. Rf2 {[%clk 0:10:07]} h6 {[%clk 0:30:47]} 23. h4 {[%clk 0:09:07]}
Kh7 {[%clk 0:27:41]} 24. g4 {[%clk 0:06:26]} f6 {[%clk 0:26:11]} 25. Rxe6 {[%clk
0:00:36]} fxe5 {[%clk 0:26:14]} 26. Qd2 {[%clk 0:00:35]} Rxf2 {[%clk 0:26:01]}
27. Qxf2 {[%clk 0:01:00]} Rf8 {[%clk 0:26:15]} 28. Qe3 {[%clk 0:00:34]} Qf1+
{[%clk 0:24:39]} 29. Kd2 {[%clk 0:00:41]} Rf2+ {[%clk 0:24:15]} 30. Ne2 {[%clk
0:01:03]} Bb5 {[%clk 0:22:42]} 31. Qe4+ {[%clk 0:00:38]} Kh8 {[%clk 0:21:32]} 32.
Re8+ {[%clk 0:00:40]} Nf8 {[%clk 0:21:32]} 33. Rxf8+ {[%clk 0:00:40]} Rxf8 {[%clk
0:21:37]} 34. Nxc5 {[%clk 0:00:38]} Bxe2 {[%clk 0:20:52]} 35. Qxe2 {[%clk
0:00:43]} Rf2 {[%clk 0:21:09]} 0-1

[Event "U12 Polish Youth Championship"]
[Site "chess24.com"]
[Date "2018.05.02"]
[Round "5"]
[White "Meers, Hubert"]
[Black "Karolczuk, Iwo"]
[Result "1-0"]
[Board "1"]
[WhiteElo "1737"]
[WhiteCountry "POL"]
[WhiteFideId "21817014"]
[WhiteEloChange "10"]
[BlackElo "1723"]
[BlackCountry "POL"]
[BlackFideId "21816972"]
[BlackEloChange "-10"]

1. e4 {[%clk 1:30:59]} c5 {[%clk 1:30:53]} 2. Nf3 {[%clk 1:31:22]} e6 {[%clk
1:31:12]} 3. d4 {[%clk 1:31:35]} cxd4 {[%clk 1:31:24]} 4. Nxd4 {[%clk 1:32:00]}
a6 {[%clk 1:31:35]} 5. Bd3 {[%clk 1:31:22]} Nf6 {[%clk 1:31:44]} 6. Qe2 {[%clk
1:28:09]} d6 {[%clk 1:31:39]} 7. O-O {[%clk 1:28:15]} Qc7 {[%clk 1:31:08]} 8. c4
{[%clk 1:28:12]} Nbd7 {[%clk 1:30:52]} 9. Nc3 {[%clk 1:27:37]} b6 {[%clk
1:30:39]} 10. Bd2 {[%clk 1:20:08]} Bb7 {[%clk 1:28:10]} 11. Kh1 {[%clk 1:19:25]}
Be7 {[%clk 1:27:18]} 12. f4 {[%clk 1:19:11]} g6 {[%clk 1:20:57]} 13. Rae1 {[%clk
1:09:42]} e5 {[%clk 1:18:51]} 14. Nf3 {[%clk 1:07:41]} Rc8 {[%clk 1:17:24]} 15.
b4 {[%clk 1:02:08]} Nh5 {[%clk 1:03:52]} 16. Nd5 {[%clk 0:59:33]} Bxd5 {[%clk
1:02:25]} 17. exd5 {[%clk 0:59:55]} f6 {[%clk 0:56:14]} 18. f5 {[%clk 0:50:40]}
Nf8 {[%clk 0:52:55]} 19. Nh4 {[%clk 0:49:40]} Kf7 {[%clk 0:48:04]} 20. Qg4 {[%clk
0:45:51]} Rg8 {[%clk 0:46:40]} 21. Bh6 {[%clk 0:40:42]} Nf4 {[%clk 0:41:41]} 22.
Rxf4 {[%clk 0:32:19]} exf4 {[%clk 0:40:10]} 23. fxg6+ {[%clk 0:32:38]} hxg6
{[%clk 0:39:20]} 24. Bxg6+ {[%clk 0:32:54]} Rxg6 {[%clk 0:37:57]} 25. Nxg6 {[%clk
0:32:43]} Nxg6 {[%clk 0:37:51]} 26. Qe6+ {[%clk 0:33:06]} Ke8 {[%clk 0:37:59]}
27. Qg8+ {[%clk 0:33:27]} Kd7 {[%clk 0:38:20]} 28. Qxg6 {[%clk 0:33:53]} Re8
{[%clk 0:34:43]} 29. Bxf4 {[%clk 0:31:56]} Kd8 {[%clk 0:24:22]} 30. Qe4 {[%clk
0:27:19]} Qd7 {[%clk 0:23:42]} 31. Be3 {[%clk 0:26:40]} Kc7 {[%clk 0:23:16]} 32.
c5 {[%clk 0:23:04]} bxc5 {[%clk 0:22:41]} 33. bxc5 {[%clk 0:23:28]} Rb8 {[%clk
0:22:45]} 34. Bf4 {[%clk 0:23:15]} Bf8 {[%clk 0:22:41]} 35. Qc4 {[%clk 0:19:59]}
Kd8 {[%clk 0:20:54]} 36. Qxa6 {[%clk 0:19:34]} Qe7 {[%clk 0:19:37]} 37. Qa5+
{[%clk 0:19:43]} Qc7 {[%clk 0:20:00]} 38. Qc3 {[%clk 0:18:10]} Be7 {[%clk
0:19:46]} 39. h3 {[%clk 0:17:41]} Ra8 {[%clk 0:19:10]} 40. Qe3 {[%clk 0:17:37]}
Qd7 {[%clk 0:18:27]} 41. cxd6 {[%clk 0:17:50]} Bf8 {[%clk 0:18:46]} 42. Qb6+
{[%clk 0:18:06]} 1-0

[Event "U12 Polish Youth Championship"]
[Site "chess24.com"]
[Date "2018.05.02"]
[Round "5"]
[White "Chyzy, Jakub"]
[Black "Paprocki, Antoni"]
[Result "1-0"]
[Board "2"]
[WhiteElo "2071"]
[WhiteCountry "POL"]
[WhiteFideId "21806209"]
[WhiteEloChange "4"]
[BlackElo "1808"]
[BlackCountry "POL"]
[BlackFideId "21833745"]
[BlackEloChange "-4"]

1. e4 {[%clk 1:30:59]} c5 {[%clk 1:30:37]} 2. Nf3 {[%clk 1:31:25]} d6 {[%clk
1:30:40]} 3. d4 {[%clk 1:31:50]} cxd4 {[%clk 1:31:00]} 4. Nxd4 {[%clk 1:32:17]}
Nf6 {[%clk 1:31:04]} 5. Nc3 {[%clk 1:32:43]} a6 {[%clk 1:31:24]} 6. Bg5 {[%clk
1:32:51]} e6 {[%clk 1:31:29]} 7. Qd3 {[%clk 1:33:07]} h6 {[%clk 1:27:10]} 8. Bh4
{[%clk 1:32:31]} Qb6 {[%clk 1:26:59]} 9. O-O-O {[%clk 1:21:22]} Be7 {[%clk
1:23:12]} 10. f4 {[%clk 1:20:14]} Nbd7 {[%clk 1:18:28]} 11. Be2 {[%clk 1:10:49]}
Nc5 {[%clk 1:08:14]} 12. Qg3 {[%clk 0:53:54]} g5 {[%clk 1:03:59]} 13. fxg5 {[%clk
0:54:16]} Nfxe4 {[%clk 1:03:54]} 14. Nxe4 {[%clk 0:53:58]} Nxe4 {[%clk 1:04:10]}
15. Qf3 {[%clk 0:50:03]} Nxg5 {[%clk 1:01:15]} 16. Bxg5 {[%clk 0:49:04]} hxg5
{[%clk 0:59:24]} 17. Bc4 {[%clk 0:41:51]} d5 {[%clk 0:50:18]} 18. Bb3 {[%clk
0:39:38]} Bd7 {[%clk 0:42:40]} 19. Rhf1 {[%clk 0:32:57]} f5 {[%clk 0:31:50]} 20.
Rfe1 {[%clk 0:28:05]} Qd6 {[%clk 0:26:33]} 21. Kb1 {[%clk 0:13:10]} g4 {[%clk
0:14:08]} 22. Qe2 {[%clk 0:10:32]} Kf7 {[%clk 0:12:40]} 23. Nxf5 {[%clk 0:09:20]}
exf5 {[%clk 0:12:21]} 24. Rxd5 {[%clk 0:07:57]} Qxd5 {[%clk 0:11:12]} 25. Bxd5+
{[%clk 0:08:20]} Kg6 {[%clk 0:11:19]} 26. Qxe7 {[%clk 0:08:40]} Rhe8 {[%clk
0:11:34]} 27. Bf7+ {[%clk 0:09:05]} Kh6 {[%clk 0:11:35]} 28. Qf6+ {[%clk
0:09:26]} Kh7 {[%clk 0:11:45]} 29. Qg6+ {[%clk 0:09:52]} 1-0

[Event "U12 Polish Youth Championship"]
[Site "chess24.com"]
[Date "2018.05.02"]
[Round "5"]
[White "Karwacki, Piotr"]
[Black "Matela, Krzysztof"]
[Result "1/2-1/2"]
[Board "3"]
[WhiteElo "1720"]
[WhiteCountry "POL"]
[WhiteFideId "21852200"]
[WhiteEloChange "-2"]
[BlackElo "1642"]
[BlackCountry "POL"]
[BlackFideId "21828962"]
[BlackEloChange "2"]

1. e4 {[%clk 1:30:54]} c5 {[%clk 1:30:56]} 2. Nf3 {[%clk 1:31:16]} e6 {[%clk
1:31:14]} 3. d3 {[%clk 1:31:39]} a6 {[%clk 1:31:33]} 4. g3 {[%clk 1:31:37]} b6
{[%clk 1:29:50]} 5. Bg2 {[%clk 1:30:56]} Bb7 {[%clk 1:29:55]} 6. O-O {[%clk
1:30:37]} d6 {[%clk 1:30:17]} 7. Re1 {[%clk 1:29:18]} Nd7 {[%clk 1:29:01]} 8. Bf4
{[%clk 1:27:02]} Ngf6 {[%clk 1:19:45]} 9. Nbd2 {[%clk 1:24:24]} b5 {[%clk
1:19:58]} 10. a4 {[%clk 1:16:36]} Be7 {[%clk 1:17:56]} 11. axb5 {[%clk 1:06:17]}
axb5 {[%clk 1:18:16]} 12. Bxd6 {[%clk 1:05:52]} Bxd6 {[%clk 1:16:59]} 13. e5
{[%clk 1:05:35]} Bc7 {[%clk 1:02:42]} 14. exf6 {[%clk 1:04:15]} Qxf6 {[%clk
0:59:16]} 15. Ne5 {[%clk 0:55:34]} Bxg2 {[%clk 0:59:23]} 16. Nxd7 {[%clk
0:55:46]} Kxd7 {[%clk 0:59:45]} 17. Kxg2 {[%clk 0:56:00]} Qxb2 {[%clk 0:59:56]}
18. Rxa8 {[%clk 0:54:04]} Rxa8 {[%clk 1:00:19]} 19. Qh5 {[%clk 0:53:27]} Ke7
{[%clk 0:59:51]} 20. Qxc5+ {[%clk 0:52:45]} Bd6 {[%clk 1:00:14]} 21. Qc6 {[%clk
0:52:36]} Rb8 {[%clk 0:57:37]} 22. Ne4 {[%clk 0:47:45]} Qd4 {[%clk 0:57:09]} 23.
Ra1 {[%clk 0:40:28]} Rd8 {[%clk 0:52:33]} 24. c3 {[%clk 0:37:38]} Qd5 {[%clk
0:52:02]} 25. Ra7+ {[%clk 0:36:50]} Kf8 {[%clk 0:52:24]} 26. Qb7 {[%clk 0:27:56]}
Qxb7 {[%clk 0:51:24]} 27. Rxb7 {[%clk 0:28:16]} Be7 {[%clk 0:51:05]} 28. Rxb5
{[%clk 0:22:48]} Rxd3 {[%clk 0:51:27]} 29. Rb8+ {[%clk 0:22:53]} Rd8 {[%clk
0:51:53]} 30. Rxd8+ {[%clk 0:23:09]} Bxd8 {[%clk 0:52:17]} 31. Kf3 {[%clk
0:22:23]} Ke7 {[%clk 0:52:03]} 32. Ke2 {[%clk 0:22:39]} f5 {[%clk 0:52:16]} 33.
Nc5 {[%clk 0:22:50]} Bc7 {[%clk 0:52:06]} 34. f4 {[%clk 0:21:29]} e5 {[%clk
0:52:13]} 35. fxe5 {[%clk 0:17:23]} Bxe5 {[%clk 0:52:41]} 36. c4 {[%clk 0:17:26]}
f4 {[%clk 0:52:01]} 37. g4 {[%clk 0:17:25]} f3+ {[%clk 0:52:00]} 38. Kxf3 {[%clk
0:17:45]} Bxh2 {[%clk 0:52:26]} 39. Ne4 {[%clk 0:17:27]} Be5 {[%clk 0:52:45]} 40.
Ng5 {[%clk 0:17:07]} h6 {[%clk 0:52:54]} 41. Ke4 {[%clk 0:16:31]} Bc7 {[%clk
0:53:05]} 42. Nf3 {[%clk 0:15:45]} g6 {[%clk 0:49:40]} 43. c5 {[%clk 0:15:22]} h5
{[%clk 0:47:46]} 44. g5 {[%clk 0:13:41]} Bg3 {[%clk 0:46:14]} 45. Kd5 {[%clk
0:14:03]} 1/2-1/2

[Event "U12 Polish Youth Championship"]
[Site "chess24.com"]
[Date "2018.05.02"]
[Round "5"]
[White "Wieczorek, Mikolaj"]
[Black "Madej, Marek"]
[Result "1-0"]
[Board "4"]
[WhiteElo "1761"]
[WhiteCountry "POL"]
[WhiteFideId "21827702"]
[WhiteEloChange "9"]
[BlackElo "1734"]
[BlackCountry "POL"]
[BlackFideId "21835942"]
[BlackEloChange "-9"]

1. e4 {[%clk 1:30:59]} c5 {[%clk 1:30:48]} 2. Nf3 {[%clk 1:31:25]} e6 {[%clk
1:31:01]} 3. d4 {[%clk 1:31:50]} cxd4 {[%clk 1:31:19]} 4. Nxd4 {[%clk 1:32:12]}
a6 {[%clk 1:31:27]} 5. Nc3 {[%clk 1:32:36]} b5 {[%clk 1:30:44]} 6. Bd3 {[%clk
1:32:41]} Qb6 {[%clk 1:30:56]} 7. Nb3 {[%clk 1:32:12]} Qc7 {[%clk 1:31:10]} 8.
Be3 {[%clk 1:26:13]} Bb7 {[%clk 1:29:56]} 9. O-O {[%clk 1:24:33]} Nf6 {[%clk
1:29:48]} 10. a3 {[%clk 1:24:42]} d6 {[%clk 1:29:07]} 11. f4 {[%clk 1:19:50]}
Nbd7 {[%clk 1:29:10]} 12. Qe2 {[%clk 1:13:44]} g6 {[%clk 1:28:07]} 13. Rad1
{[%clk 1:09:24]} Nc5 {[%clk 1:24:51]} 14. Bd4 {[%clk 0:59:02]} Ncd7 {[%clk
1:10:54]} 15. e5 {[%clk 0:47:22]} dxe5 {[%clk 1:09:58]} 16. fxe5 {[%clk 0:47:46]}
Nd5 {[%clk 1:10:08]} 17. Ne4 {[%clk 0:44:29]} Qd8 {[%clk 0:58:33]} 18. Qf2 {[%clk
0:44:17]} f5 {[%clk 0:58:32]} 19. exf6 {[%clk 0:43:59]} e5 {[%clk 0:56:55]} 20.
f7+ {[%clk 0:36:45]} Ke7 {[%clk 0:57:19]} 21. Qh4+ {[%clk 0:36:37]} Ke6 {[%clk
0:57:43]} 22. Qg4+ {[%clk 0:36:50]} Ke7 {[%clk 0:57:55]} 23. Bc5+ {[%clk
0:35:28]} Nxc5 {[%clk 0:58:17]} 24. Nbxc5 {[%clk 0:35:51]} Nf4 {[%clk 0:56:04]}
25. Rxf4 {[%clk 0:35:12]} 1-0

[Event "U12 Polish Youth Championship"]
[Site "chess24.com"]
[Date "2018.05.02"]
[Round "5"]
[White "Jeda, Maciej"]
[Black "Trzebinski, Patryk"]
[Result "1/2-1/2"]
[Board "5"]
[WhiteElo "1751"]
[WhiteCountry "POL"]
[WhiteFideId "21857679"]
[WhiteEloChange "-3"]
[BlackElo "1628"]
[BlackCountry "POL"]
[BlackFideId "21839034"]
[BlackEloChange "3"]

1. e4 {[%clk 1:30:58]} d5 {[%clk 1:30:54]} 2. exd5 {[%clk 1:31:23]} Nf6 {[%clk
1:31:18]} 3. d4 {[%clk 1:31:25]} Nxd5 {[%clk 1:31:38]} 4. c4 {[%clk 1:30:54]} Nb6
{[%clk 1:31:59]} 5. Nc3 {[%clk 1:31:14]} e5 {[%clk 1:31:34]} 6. d5 {[%clk
1:26:15]} Bb4 {[%clk 1:30:33]} 7. Qb3 {[%clk 1:22:05]} Bxc3+ {[%clk 1:24:32]} 8.
Qxc3 {[%clk 1:22:28]} O-O {[%clk 1:24:27]} 9. Be2 {[%clk 1:15:10]} c6 {[%clk
1:23:44]} 10. d6 {[%clk 1:13:27]} Na6 {[%clk 1:15:24]} 11. Be3 {[%clk 1:06:58]}
c5 {[%clk 0:49:02]} 12. Rd1 {[%clk 1:04:21]} Be6 {[%clk 0:39:32]} 13. b3 {[%clk
1:02:36]} f6 {[%clk 0:38:30]} 14. Bf3 {[%clk 0:52:17]} Rf7 {[%clk 0:35:56]} 15.
Ne2 {[%clk 0:51:26]} Rb8 {[%clk 0:20:27]} 16. Ng3 {[%clk 0:49:51]} Nd7 {[%clk
0:16:41]} 17. Bd5 {[%clk 0:45:21]} Bxd5 {[%clk 0:17:00]} 18. Rxd5 {[%clk
0:45:37]} Nb4 {[%clk 0:16:30]} 19. Rd2 {[%clk 0:44:08]} Nc6 {[%clk 0:16:28]} 20.
Nf5 {[%clk 0:39:30]} Nd4 {[%clk 0:15:30]} 21. Bxd4 {[%clk 0:39:36]} exd4 {[%clk
0:15:29]} 22. Qg3 {[%clk 0:39:31]} Kh8 {[%clk 0:14:45]} 23. O-O {[%clk 0:39:39]}
Ne5 {[%clk 0:14:21]} 24. f4 {[%clk 0:39:27]} Nc6 {[%clk 0:13:50]} 25. Re1 {[%clk
0:39:20]} Qd7 {[%clk 0:13:54]} 26. Rde2 {[%clk 0:38:48]} Qxf5 {[%clk 0:13:34]}
27. Re6 {[%clk 0:36:22]} h6 {[%clk 0:12:24]} 28. Qf3 {[%clk 0:34:01]} d3 {[%clk
0:11:24]} 29. g4 {[%clk 0:32:44]} Nd4 {[%clk 0:10:54]} 30. Qg3 {[%clk 0:32:53]}
Qxe6 {[%clk 0:08:49]} 31. Rxe6 {[%clk 0:33:16]} Nxe6 {[%clk 0:08:35]} 32. Qxd3
{[%clk 0:33:39]} Nd4 {[%clk 0:05:44]} 33. Qe4 {[%clk 0:32:43]} Rd7 {[%clk
0:05:21]} 34. g5 {[%clk 0:32:27]} fxg5 {[%clk 0:03:55]} 35. fxg5 {[%clk 0:32:48]}
Rxd6 {[%clk 0:03:30]} 36. Qe7 {[%clk 0:31:35]} Rg6 {[%clk 0:03:32]} 37. h4 {[%clk
0:31:12]} hxg5 {[%clk 0:03:38]} 38. Qe4 {[%clk 0:30:28]} Re6 {[%clk 0:03:29]} 39.
Qd5 {[%clk 0:30:18]} Re2 {[%clk 0:02:56]} 40. hxg5 {[%clk 0:29:54]} Rbe8 {[%clk
0:01:52]} 41. Qh1+ {[%clk 0:30:14]} Kg8 {[%clk 0:02:15]} 42. Qd5+ {[%clk
0:30:39]} Kh7 {[%clk 0:01:58]} 43. g6+ {[%clk 0:30:46]} Kxg6 {[%clk 0:02:23]} 44.
Qd6+ {[%clk 0:31:00]} Kh7 {[%clk 0:02:20]} 45. Qxc5 {[%clk 0:30:59]} Nf3+ {[%clk
0:02:19]} 46. Kf1 {[%clk 0:31:23]} Rh2 {[%clk 0:02:36]} 47. Qf5+ {[%clk 0:31:37]}
Kg8 {[%clk 0:02:49]} 48. Qd5+ {[%clk 0:32:02]} Kh8 {[%clk 0:02:37]} 49. Qxf3
{[%clk 0:32:22]} Rd8 {[%clk 0:02:51]} 50. Kg1 {[%clk 0:32:20]} Rxa2 {[%clk
0:02:53]} 51. Qh3+ {[%clk 0:32:34]} Kg8 {[%clk 0:03:20]} 52. Qe6+ {[%clk
0:32:50]} Kf8 {[%clk 0:03:12]} 53. Qf5+ {[%clk 0:33:07]} Ke7 {[%clk 0:03:29]} 54.
Qe4+ {[%clk 0:32:12]} Kf6 {[%clk 0:03:36]} 55. Qf4+ {[%clk 0:32:00]} Ke6 {[%clk
0:03:45]} 56. Qe4+ {[%clk 0:31:41]} Kf6 {[%clk 0:04:02]} 57. Qf4+ {[%clk
0:31:52]} Kg6 {[%clk 0:04:22]} 58. Qg4+ {[%clk 0:30:57]} Kf7 {[%clk 0:04:35]} 59.
Qf5+ {[%clk 0:31:18]} Ke7 {[%clk 0:04:53]} 60. Qe4+ {[%clk 0:31:33]} Kf6 {[%clk
0:01:23]} 61. Qh4+ {[%clk 0:31:16]} g5 {[%clk 0:01:19]} 62. Qh6+ {[%clk 0:31:15]}
Kf5 {[%clk 0:01:21]} 63. Qh7+ {[%clk 0:31:17]} Kf6 {[%clk 0:01:13]} 64. Qh6+
{[%clk 0:31:43]} Kf5 {[%clk 0:01:40]} 1/2-1/2